Géneros periodísticos
Saved in:
| Format: | Bog |
|---|---|
| Sprog: | spansk |
| Udgivet: |
Santiago
Pontificia Universidad Católica de Chile
1989
|
| Serier: | Colección Actualidad e Información
|
| Fag: | |
| Online adgang: | Disponible Online |
| Tags: |
Tilføj Tag
Ingen Tags, Vær først til at tagge denne postø!
|
MARC
| LEADER | 00000nam a2200000 a 4500 | ||
|---|---|---|---|
| 001 | UCZ0331 | ||
| 003 | CL-VaPUC | ||
| 005 | 20220901074208.0 | ||
| 008 | 950728e19890000CL |||||||||||||||||spa|d | ||
| 999 | |c 237277 |d 237275 | ||
| 040 | |c Pontificia Universidad Católica de Valparaíso | ||
| 082 | 0 | 4 | |a 070.4 GEN 1989 |2 21 |
| 245 | 1 | 0 | |a Géneros periodísticos |
| 260 | |a Santiago |b Pontificia Universidad Católica de Chile |c 1989 | ||
| 300 | |a 149 páginas | ||
| 490 | 0 | |a Colección Actualidad e Información | |
| 583 | |a last modification |c 19950728 00:00:00 |k Rodrigo Vera | ||
| 650 | 0 | |a Periodismo |9 310113 | |
| 650 | 0 | |a Noticias periodísticas |9 335529 | |
| 650 | 0 | |a Periodistas |9 335499 | |
| 650 | 7 | |a Capacitación periodistas |2 CL-VaPUC |9 343087 | |
| 856 | |u http://bibliografiadigital.pucv.cl/index.php/bibliotecapucv/catalog/book/878 |y Disponible Online | ||
| 942 | |c BK |2 ddc | ||
| 945 | |d 19950728 00:00:00 |a rbrito | ||
| 952 | |0 0 |1 0 |2 ddc |4 0 |6 070_400000000000000_GEN_1989 |7 0 |8 A |9 246183 |a BIBCUR |b BIBCUR |c GEN |d 2019-11-18 |i 3109208 |o 070.4 GEN 1989 |p 3109208 |r 2025-04-22 |w 2019-11-18 |y BK |k PER | ||